[Event "IMSA Basque 2016"]
[Site "Huai'an CHN"]
[Date "2016.03.02"]
[Round "3.3"]
[White "Dominguez Perez, Leinier"]
[Black "Ding, Liren"]
[Result "0-1"]
[WhiteTitle "GM"]
[BlackTitle "GM"]
[WhiteElo "2732"]
[BlackElo "2766"]
[WhiteFideId "3503240"]
[BlackFideId "8603677"]
[EventDate "2016.03.02"]

1. e4 e5 2. Nf3 Nc6 3. Bb5 a6 4. Ba4 Nf6 5. Nc3 b5 6. Bb3 Bc5 7. O-O O-O 8. d3
h6 9. Nd5 d6 10. a4 Rb8 11. axb5 axb5 12. Be3 Nxd5 13. exd5 Bxe3 14. fxe3 Ne7
15. e4 Ng6 16. Qd2 f5 17. Ra7 fxe4 18. dxe4 Bg4 19. Qe3 Bxf3 20. Rxf3 Rxf3 21.
Qxf3 Qg5 22. Ra1 Rf8 23. Qg3 Qd2 24. Qe1 Qd4+ 25. Kh1 Qxb2 26. Rd1 Qa3 27. Qe3
Nf4 28. g3 Nh5 29. Kg2 Nf6 30. Qe2 Qb4 31. Re1 Ng4 32. Kh3 Rf2 33. Qd1 h5 34.
Kh4 Rxh2+ 35. Kg5 Qc3 36. Kf5 Qxg3 37. Ke6 Nf6 38. Ke7 Qh3 0-1

[Event "IMSA Basque 2016"]
[Site "Huai'an CHN"]
[Date "2016.03.02"]
[Round "3.4"]
[White "Ding, Liren"]
[Black "Dominguez Perez, Leinier"]
[Result "1/2-1/2"]
[WhiteTitle "GM"]
[BlackTitle "GM"]
[WhiteElo "2766"]
[BlackElo "2732"]
[WhiteFideId "8603677"]
[BlackFideId "3503240"]
[EventDate "2016.03.02"]

1. d4 Nf6 2. c4 e6 3. Nf3 d5 4. Nc3 Be7 5. Bf4 O-O 6. e3 b6 7. Bd3 dxc4 8. Bxc4
Ba6 9. Bxa6 Nxa6 10. O-O c5 11. Rc1 Qd7 12. dxc5 Nxc5 13. Qxd7 Ncxd7 14. Nb5 Nd5
15. Bg3 Nc5 16. Rfd1 Rfc8 17. Nfd4 a6 18. Nd6 Bxd6 19. Bxd6 Nd3 20. Rb1 Nc5 21.
Rbc1 Nd3 22. Rb1 Nc5 23. Rbc1 1/2-1/2

[Event "IMSA Basque 2016"]
[Site "Huai'an CHN"]
[Date "2016.03.02"]
[Round "3.7"]
[White "Movsesian, Sergei"]
[Black "Fressinet, Laurent"]
[Result "0-1"]
[WhiteTitle "GM"]
[BlackTitle "GM"]
[WhiteElo "2653"]
[BlackElo "2700"]
[WhiteFideId "310204"]
[BlackFideId "608742"]
[EventDate "2016.03.02"]

1. e4 e5 2. Nf3 Nc6 3. Bb5 Nf6 4. d3 Bc5 5. Nbd2 Nd4 6. Nxd4 Bxd4 7. Nf3 Bb6 8.
O-O O-O 9. Ba4 d6 10. c3 c6 11. Re1 Re8 12. h3 h6 13. Bc2 d5 14. exd5 Qxd5 15.
Qe2 Bc7 16. Nd2 Be6 17. Ne4 Nxe4 18. dxe4 Qd8 19. Be3 Bb6 20. Red1 Qe7 21. a3
Rad8 22. Bxb6 axb6 23. Qe3 Qc7 24. Rxd8 Rxd8 25. Rd1 c5 26. h4 Rxd1+ 27. Bxd1
Qd8 28. Be2 Qxh4 29. Qd2 Qe7 30. b4 Qd7 31. Qe3 Qd6 32. g3 Kh7 33. Kg2 g6 34. f4
Kg7 35. Kf2 Bd7 36. Bc4 Bc6 37. Bd3 h5 38. Kg2 Qe7 39. b5 Bd7 40. Bc4 Qd6 41. a4
exf4 42. gxf4 Qd1 43. Be2 Qxa4 44. c4 Qc2 45. Kg3 Be6 46. f5 Bxc4 47. Bf3 Qd3
48. Qf4 Qd4 49. Bg2 Bxb5 50. fxg6 Qf6 51. Qc7 Qxg6+ 52. Kh2 h4 53. Qe5+ Kh7 54.
Qe7 Qg3+ 55. Kh1 Qe1+ 56. Kh2 Qg3+ 57. Kh1 Kg7 58. e5 Qe1+ 59. Kh2 Qg3+ 60. Kh1
Qf4 61. Qxb7 Qc1+ 62. Kh2 Qf4+ 63. Kh1 Qxe5 64. Qxb6 Qe1+ 65. Kh2 Qe5+ 66. Kh1
Bd7 67. Qd8 Qe1+ 68. Kh2 Qg3+ 69. Kh1 h3 70. Ba8 Be6 71. Qd2 Qe5 72. Bf3 c4 73.
Qc1 c3 74. Qg1+ Kf8 75. Qc1 Kg7 76. Qg1+ Kf6 77. Qc1 Qd4 78. Qh6+ Ke7 79. Qg5+
f6 80. Qa5 Qe3 81. Qb4+ Kf7 82. Bh5+ Kg7 83. Qe7+ Kh6 84. Qxf6+ Kxh5 85. Qh8+
Kg4 86. Qg7+ Kf3 87. Qg3+ Ke2 88. Qh2+ Kd1 89. Qd6+ Qd2 0-1

[Event "IMSA Basque 2016"]
[Site "Huai'an CHN"]
[Date "2016.03.02"]
[Round "3.8"]
[White "Fressinet, Laurent"]
[Black "Movsesian, Sergei"]
[Result "1/2-1/2"]
[WhiteTitle "GM"]
[BlackTitle "GM"]
[WhiteElo "2700"]
[BlackElo "2653"]
[WhiteFideId "608742"]
[BlackFideId "310204"]
[EventDate "2016.03.02"]

1. Nf3 d5 2. g3 c6 3. Bg2 Bg4 4. O-O Nd7 5. d3 Ngf6 6. h3 Bh5 7. Qe1 e5 8. e4
dxe4 9. dxe4 Be7 10. Nbd2 O-O 11. Nc4 Qc7 12. Nh4 Rfe8 13. a4 Nc5 14. Nf5 Bf8
15. f4 Nfd7 16. g4 Bg6 17. Nxg7 Bxg7 18. f5 Ne6 19. Be3 Nf4 20. Qf2 b5 21. Nd2
a6 22. Rad1 Rad8 23. axb5 axb5 24. Nf3 c5 25. fxg6 hxg6 26. Kh1 c4 27. Nxe5 Bxe5
28. Bxf4 Bxf4 29. Qxf4 Ne5 30. Rd5 b4 31. Rfd1 Ra8 32. Qf6 b3 33. cxb3 cxb3 34.
Bf1 Qc2 35. R1d2 Qxe4+ 36. Bg2 Qe1+ 37. Kh2 Rac8 38. R5d4 Rc2 39. Qf4 Rec8 40.
Be4 Rxd2+ 41. Rxd2 Rc4 42. Rd8+ Kh7 43. Qf6 Rc2+ 44. Bxc2 Qe2+ 45. Kg3 Qe3+ 46.
Kg2 Qe2+ 47. Kg3 Qe3+ 48. Kg2 Qe2+ 49. Kg3 Qe3+ 50. Kg2 Qe2+ 1/2-1/2

[Event "IMSA Basque 2016"]
[Site "Huai'an CHN"]
[Date "2016.03.02"]
[Round "3.15"]
[White "Sargissian, Gabriel"]
[Black "Mamedov, Rauf"]
[Result "1/2-1/2"]
[WhiteTitle "GM"]
[BlackTitle "GM"]
[WhiteElo "2702"]
[BlackElo "2650"]
[WhiteFideId "13300881"]
[BlackFideId "13401653"]
[EventDate "2016.03.02"]

1. d4 Nf6 2. c4 g6 3. Nf3 Bg7 4. g3 c6 5. Bg2 d5 6. Nbd2 O-O 7. O-O Bf5 8. b3
Ne4 9. Bb2 Qa5 10. Qc1 Nd7 11. Rd1 Ndf6 12. Nh4 Be6 13. Nhf3 Ng4 14. Nxe4 dxe4
15. Ne5 Nxe5 16. Bc3 Qc7 17. dxe5 Bg4 18. Qb2 Bf5 19. e6 Bxc3 20. exf7+ Rxf7 21.
Qxc3 Raf8 22. Rd2 Qb6 23. e3 c5 24. Rf1 Qf6 25. Qxf6 exf6 26. Rd6 b6 27. Rfd1
Re7 28. h3 h5 29. Kh2 Kg7 30. a4 Rb8 31. R1d2 g5 32. R2d5 Bg6 33. h4 g4 34. Kg1
Bf7 35. Rd2 f5 36. Kf1 Be6 37. Ke1 Kf6 38. Rd8 Re8 39. Rxe8 Rxe8 40. Kd1 Ke5 41.
Kc2 Rb8 42. Kc3 a6 43. Bf1 Kf6 44. a5 Ke7 45. axb6 Rxb6 46. Ra2 Kd6 47. Be2 Kc7
48. Ra5 Kd6 49. Bf1 Bc8 50. Be2 Bb7 51. Bd1 Bc8 52. Be2 Rc6 53. b4 cxb4+ 54.
Kxb4 Rb6+ 55. Kc3 Rb1 56. c5+ Ke5 57. Bxa6 Bxa6 58. Rxa6 Rf1 59. Ra2 Kd5 60. c6
Kxc6 61. Kd4 Kd6 62. Ra6+ Ke7 63. Ra7+ Ke6 64. Ra6+ Ke7 65. Ra7+ Ke6 66. Ra6+ 1/2-1/2

[Event "IMSA Basque 2016"]
[Site "Huai'an CHN"]
[Date "2016.03.02"]
[Round "3.16"]
[White "Mamedov, Rauf"]
[Black "Sargissian, Gabriel"]
[Result "0-1"]
[WhiteTitle "GM"]
[BlackTitle "GM"]
[WhiteElo "2650"]
[BlackElo "2702"]
[WhiteFideId "13401653"]
[BlackFideId "13300881"]
[EventDate "2016.03.02"]

1. e4 c6 2. Nc3 d5 3. Nf3 Bg4 4. h3 Bxf3 5. Qxf3 Nf6 6. d3 e6 7. Be2 Bc5 8. e5
Nfd7 9. Qf4 Qb6 10. O-O Qb4 11. Qxb4 Bxb4 12. d4 a6 13. Nd1 Be7 14. c3 c5 15.
Be3 Nc6 16. f4 Rc8 17. dxc5 Bxc5 18. Bxc5 Nxc5 19. Ne3 Ke7 20. Rfd1 Rhd8 21.
Rac1 b5 22. Nc2 h6 23. Bf3 Na4 24. Rb1 Na5 25. Nb4 Nc4 26. b3 Nxc3 27. bxc4 bxc4
28. Nxa6 Nxb1 29. Rxb1 d4 30. Nb4 d3 31. Nc6+ Rxc6 32. Bxc6 c3 33. Ba4 Ra8 34.
Rb7+ Kf8 35. Bd1 c2 36. Bxc2 dxc2 37. Rc7 Rxa2 38. Kh2 g5 39. Kg3 Kg7 40. f5
c1=Q 41. Rxc1 exf5 42. Rc8 f4+ 43. Kf3 Ra3+ 44. Kf2 Re3 45. Re8 Kg6 46. Rg8+ Kh7
47. Re8 Kg7 48. Kf1 h5 49. Kf2 h4 50. Kf1 f3 51. gxf3 Rxf3+ 52. Kg2 Rg3+ 53. Kh2
Re3 54. Kg2 Kg6 55. Rg8+ Kf5 56. Rg7 Rg3+ 57. Kh2 Ke6 58. Rh7 Re3 59. Rh8 Rxe5
60. Kg2 Kf5 61. Ra8 Re2+ 62. Kg1 Kf4 63. Ra4+ Re4 64. Ra5 f5 65. Ra8 Kf3 66.
Ra3+ Re3 67. Ra2 Re1+ 0-1

[Event "IMSA Basque 2016"]
[Site "Huai'an CHN"]
[Date "2016.03.03"]
[Round "4.1"]
[White "Ding, Liren"]
[Black "Tomashevsky, Evgeny"]
[Result "1-0"]
[WhiteTitle "GM"]
[BlackTitle "GM"]
[WhiteElo "2766"]
[BlackElo "2728"]
[WhiteFideId "8603677"]
[BlackFideId "4147235"]
[EventDate "2016.03.02"]

1. d4 Nf6 2. c4 e6 3. Nf3 b6 4. g3 Bb7 5. Bg2 Be7 6. O-O O-O 7. Re1 d5 8. cxd5
exd5 9. Nc3 c5 10. b3 Na6 11. Bb2 Nc7 12. Rc1 Ne6 13. e3 Re8 14. Re2 Bf8 15. Rd2
Qe7 16. Nh4 g6 17. dxc5 bxc5 18. Nxd5 Nxd5 19. Bxd5 Rad8 20. Nf3 Bxd5 21. Rxd5
Bg7 22. Bxg7 Kxg7 23. Rc2 Qf6 24. Rcd2 Rxd5 25. Rxd5 Rc8 26. Ne5 Rc7 27. h4 a5
28. Nc4 a4 29. bxa4 Rb7 30. Nd6 Rb8 31. Ne4 Qb2 32. Nxc5 Nxc5 33. Rxc5 Qxa2 34.
Rc1 Qb2 35. a5 1-0

[Event "IMSA Basque 2016"]
[Site "Huai'an CHN"]
[Date "2016.03.03"]
[Round "4.2"]
[White "Tomashevsky, Evgeny"]
[Black "Ding, Liren"]
[Result "0-1"]
[WhiteTitle "GM"]
[BlackTitle "GM"]
[WhiteElo "2728"]
[BlackElo "2766"]
[WhiteFideId "4147235"]
[BlackFideId "8603677"]
[EventDate "2016.03.02"]

1. e4 e5 2. Nf3 Nc6 3. Bb5 a6 4. Ba4 Nf6 5. O-O Be7 6. d3 b5 7. Bb3 d6 8. a4 Bd7
9. c3 Na5 10. Bc2 c5 11. d4 Qb8 12. axb5 axb5 13. Bg5 Be6 14. Nbd2 O-O 15. d5
Bg4 16. h3 Bh5 17. Be3 c4 18. Qe2 Rc8 19. Rfb1 Bd8 20. Nf1 Nb7 21. Ng3 Bg6 22.
Rxa8 Qxa8 23. b4 cxb3 24. Rxb3 Nc5 25. Bxc5 Rxc5 26. Rxb5 Rxc3 27. Qd2 Qc8 28.
Rb8 Qxb8 29. Qxc3 Bb6 30. Bd3 Bc5 31. Nh4 Qa7 32. Qb2 h6 33. Nxg6 fxg6 34. Nf1
Nd7 35. Qe2 Bd4 36. Ne3 Nc5 37. Bc2 Qa1+ 38. Qd1 Qc3 39. Qe2 Bxe3 40. fxe3 Nd7
41. Kf2 Nf6 42. Qd3 Qa1 43. Bd1 Nxe4+ 44. Qxe4 Qxd1 45. Qf3 Qd2+ 46. Kg3 h5 47.
Qe4 Kh7 48. Qf3 Qe1+ 49. Kh2 Qd2 50. Kg3 Qc1 51. Kh2 Qe1 52. Qf8 Qb4 53. Qe7 Qc5
54. Qe6 Qc7 55. Kg3 Qd8 56. Kf3 Qf6+ 57. Ke4 Kh6 58. g3 h4 59. gxh4 Qxh4+ 60.
Kf3 Qf6+ 61. Kg3 0-1

[Event "IMSA Basque 2016"]
[Site "Huai'an CHN"]
[Date "2016.03.03"]
[Round "4.7"]
[White "Wojtaszek, Radoslaw"]
[Black "Harikrishna, Pentala"]
[Result "1-0"]
[WhiteTitle "GM"]
[BlackTitle "GM"]
[WhiteElo "2727"]
[BlackElo "2753"]
[WhiteFideId "1118358"]
[BlackFideId "5007003"]
[EventDate "2016.03.02"]

1. d4 Nf6 2. c4 e6 3. Nc3 Bb4 4. Nf3 b6 5. e3 O-O 6. Bd3 d5 7. O-O Ba6 8. cxd5
exd5 9. Bxa6 Nxa6 10. Bd2 Re8 11. Rc1 Bf8 12. Ne5 c5 13. Be1 Nc7 14. f4 Ne6 15.
Bh4 cxd4 16. exd4 Nxd4 17. Bxf6 gxf6 18. Ng4 Kh8 19. Kh1 Nf5 20. Nxd5 Rc8 21.
Rxc8 Qxc8 22. Ngxf6 Re6 23. Qd3 Rd6 24. Re1 Be7 25. Nxe7 Qe6 26. Qb1 1-0

[Event "IMSA Basque 2016"]
[Site "Huai'an CHN"]
[Date "2016.03.03"]
[Round "4.8"]
[White "Harikrishna, Pentala"]
[Black "Wojtaszek, Radoslaw"]
[Result "1-0"]
[WhiteTitle "GM"]
[BlackTitle "GM"]
[WhiteElo "2753"]
[BlackElo "2727"]
[WhiteFideId "5007003"]
[BlackFideId "1118358"]
[EventDate "2016.03.02"]

1. e4 c5 2. Nf3 d6 3. d4 cxd4 4. Nxd4 Nf6 5. Nc3 a6 6. h3 e5 7. Nde2 b5 8. Ng3
Qc7 9. Nh5 Nxh5 10. Qxh5 Be6 11. a4 b4 12. Nd5 Bxd5 13. exd5 Qxc2 14. Be3 Nd7
15. Rc1 Qxa4 16. Bd3 Be7 17. Qg4 g6 18. Rc7 Nf6 19. Qc4 Bd8 20. Rb7 O-O 21. O-O
Qa5 22. Bh6 Re8 23. Rd1 e4 24. Be2 Bb6 25. Bg5 Rac8 26. Qxa6 Qxa6 27. Bxa6 Bd8
28. Rxb4 Rc5 29. Rb8 Ba5 30. b4 Bxb4 31. Rxb4 Nxd5 32. Rb5 Rxb5 33. Bxb5 Re5 34.
Bh6 Rh5 35. Be2 1-0

[Event "IMSA Basque 2016"]
[Site "Huai'an CHN"]
[Date "2016.03.03"]
[Round "4.11"]
[White "Sargissian, Gabriel"]
[Black "Movsesian, Sergei"]
[Result "1/2-1/2"]
[WhiteTitle "GM"]
[BlackTitle "GM"]
[WhiteElo "2702"]
[BlackElo "2653"]
[WhiteFideId "13300881"]
[BlackFideId "310204"]
[EventDate "2016.03.02"]

1. d4 d5 2. c4 c6 3. Nc3 Nf6 4. cxd5 cxd5 5. Nf3 Nc6 6. Bf4 a6 7. e3 e6 8. Rc1
Bd6 9. Bg3 Bxg3 10. hxg3 Qd6 11. Bd3 h6 12. O-O O-O 13. Bb1 Bd7 14. Na4 Ne7 15.
Nc5 b6 16. Nxd7 Nxd7 17. Qb3 Rfc8 18. a3 g6 19. Nd2 Rxc1 20. Rxc1 Rc8 21. Rxc8+
Nxc8 22. Bd3 a5 23. Bb5 Nb8 24. Nb1 Qc7 25. Nc3 Nd6 26. Bf1 Kf8 27. Nb5 Nxb5 28.
Bxb5 Qc1+ 29. Kh2 Qc7 30. Kg1 Qc1+ 31. Kh2 Qc7 1/2-1/2

[Event "IMSA Basque 2016"]
[Site "Huai'an CHN"]
[Date "2016.03.03"]
[Round "4.12"]
[White "Movsesian, Sergei"]
[Black "Sargissian, Gabriel"]
[Result "1/2-1/2"]
[WhiteTitle "GM"]
[BlackTitle "GM"]
[WhiteElo "2653"]
[BlackElo "2702"]
[WhiteFideId "310204"]
[BlackFideId "13300881"]
[EventDate "2016.03.02"]

1. e4 e5 2. Nf3 Nc6 3. Bc4 Bc5 4. O-O d6 5. c3 Nf6 6. d3 O-O 7. Bb3 a6 8. Nbd2
h6 9. h3 Be6 10. Re1 Bxb3 11. Qxb3 Qd7 12. Nf1 Rfe8 13. Be3 Bxe3 14. Nxe3 Rab8
15. Rad1 b5 16. Nf5 Ne7 17. Ng3 Ng6 18. Nf5 Ne7 19. Ng3 Ng6 20. Nf5 Ne7 21. Ng3 1/2-1/2

[Event "IMSA Basque 2016"]
[Site "Huai'an CHN"]
[Date "2016.03.03"]
[Round "4.15"]
[White "Mamedov, Rauf"]
[Black "Li, Chao b"]
[Result "0-1"]
[WhiteTitle "GM"]
[BlackTitle "GM"]
[WhiteElo "2650"]
[BlackElo "2751"]
[WhiteFideId "13401653"]
[BlackFideId "8604436"]
[EventDate "2016.03.02"]

1. e4 e6 2. d4 d5 3. Nd2 dxe4 4. Nxe4 Bd7 5. Nf3 Bc6 6. Bd3 Nd7 7. c4 Ngf6 8.
Nc3 Bxf3 9. Qxf3 c6 10. O-O Be7 11. Bf4 O-O 12. Rad1 Qa5 13. Bb1 Qh5 14. Qxh5
Nxh5 15. Be3 Nb6 16. b3 Nf6 17. Ne4 Nxe4 18. Bxe4 Rfd8 19. g3 Rd7 20. Rd3 Rad8
21. Rfd1 Bf6 22. Kf1 h5 23. Ke2 g6 24. h3 Be7 25. g4 hxg4 26. hxg4 f5 27. gxf5
exf5 28. Bf3 g5 29. d5 g4 30. Bg2 c5 31. f3 Bd6 32. fxg4 fxg4 33. Rg1 Rh7 34.
Be4 Rh2+ 35. Kd1 g3 36. Bd2 Re8 37. Bf5 Ree2 38. Be6+ Kh7 39. a3 Ref2 40. b4
Nxc4 41. Bc1 cxb4 42. axb4 Nb2+ 43. Bxb2 Rxb2 44. Bf5+ Kg7 45. Rdxg3+ Bxg3 46.
Rxg3+ Kf6 47. Be4 Ke5 0-1

[Event "IMSA Basque 2016"]
[Site "Huai'an CHN"]
[Date "2016.03.03"]
[Round "4.16"]
[White "Li, Chao b"]
[Black "Mamedov, Rauf"]
[Result "1/2-1/2"]
[WhiteTitle "GM"]
[BlackTitle "GM"]
[WhiteElo "2751"]
[BlackElo "2650"]
[WhiteFideId "8604436"]
[BlackFideId "13401653"]
[EventDate "2016.03.02"]

1. d4 d6 2. e4 g6 3. Nc3 Bg7 4. Nf3 Nf6 5. Be2 O-O 6. O-O Nc6 7. Bg5 h6 8. Be3
Ng4 9. Bf4 e5 10. dxe5 Ngxe5 11. Qd2 Kh7 12. h3 Be6 13. Rad1 Qf6 14. Ng5+ Kg8
15. Nxe6 fxe6 16. Bxh6 Bxh6 17. Qxh6 g5 18. Qxf6 Rxf6 19. a3 a6 20. f3 Kg7 21.
Kf2 Rh8 22. Ke3 Ng6 23. Rfe1 Nce5 24. Bf1 Nf4 25. b3 Neg6 26. Ne2 Nh4 27. Nxf4
gxf4+ 28. Kd4 Ng6 29. c4 Rh5 30. b4 b6 31. Kc3 a5 32. Kb3 Ne5 33. bxa5 bxa5 34.
Kc3 Rf8 35. Rb1 Kf6 36. Rb5 Ra8 37. Rd1 Rhh8 38. Rb7 Rhb8 39. Rdb1 Rxb7 40. Rxb7
c5 41. Kd2 Nc6 42. Ke1 Nd4 43. Kf2 a4 44. Bd3 Rh8 45. Bf1 Nc2 46. Rb2 Nd4 47. g3
fxg3+ 48. Kxg3 Rg8+ 49. Kf2 Ke5 50. Bg2 Kf4 51. Rb6 Ke5 52. Rb2 Kf4 53. Rb6 Rd8
54. h4 Nc2 55. Bf1 Nd4 56. Bg2 Ke5 57. Rb2 Rh8 58. Kg3 Rg8+ 59. Kf2 Kf4 60. Rb6
Rh8 61. h5 Rxh5 62. Rxd6 Rh8 63. Rb6 Rd8 64. Rb7 Ke5 65. Rc7 Nc2 66. Rxc5+ Kf4
67. Rc7 Rd2+ 68. Kg1 Ne3 69. Rf7+ Kg5 70. Bh3 e5 71. Be6 Rc2 72. Ra7 Kf4 73.
Rf7+ Kg3 74. Rg7+ Kxf3 75. Ra7 Rc3 76. Ra8 Kg3 77. Rg8+ Kf4 78. Ra8 Rc2 79. Ra7
Kf3 80. Ra8 Rc3 81. Kh2 Nf1+ 82. Kh3 Ne3 83. Kh4 Kf4 84. Rxa4 Nc2 85. Bd5 Nxa3
86. c5 Nb5 87. c6 Nd4 88. Ra7 Rxc6 1/2-1/2

[Event "IMSA Basque 2016"]
[Site "Huai'an CHN"]
[Date "2016.03.03"]
[Round "5.5"]
[White "Harikrishna, Pentala"]
[Black "Tomashevsky, Evgeny"]
[Result "1/2-1/2"]
[WhiteTitle "GM"]
[BlackTitle "GM"]
[WhiteElo "2753"]
[BlackElo "2728"]
[WhiteFideId "5007003"]
[BlackFideId "4147235"]
[EventDate "2016.03.02"]

1. d4 Nf6 2. Nf3 e6 3. c4 b6 4. g3 Bb7 5. Bg2 Be7 6. O-O O-O 7. Re1 d5 8. cxd5
exd5 9. Nc3 c5 10. b3 Nc6 11. Bb2 Re8 12. Rc1 Ne4 13. e3 cxd4 14. Nxd4 Nxd4 15.
Nxe4 dxe4 16. Qxd4 Qxd4 17. Bxd4 Rac8 18. Bh3 Rxc1 19. Rxc1 Bd6 20. Rd1 Rd8 21.
Be5 Bc7 22. Rxd8+ Bxd8 23. Bb8 a5 24. Bd6 Bd5 25. Bd7 f6 26. Be8 g6 27. Kf1 Kg7
28. Ke2 f5 29. Be5+ Kf8 30. Bb5 Ke7 31. h4 Ke6 32. Bd4 Kd6 33. Kd2 Bc6 34. Bc4
Bd5 35. Be2 Kc6 36. Kc2 b5 37. a4 b4 38. Bb5+ Kd6 39. Be2 Ke6 40. Bb5 Kf7 41.
Be2 Ke6 42. Bb5 Kd6 43. Be2 Bf7 44. Bb5 Kc7 45. Be2 Kb7 46. Bb5 Bb6 47. Be5 Kc8
48. Bf6 Kc7 49. Be5+ Kd8 50. Bf6+ Kc7 51. Be5+ Kd8 52. Bf6+ 1/2-1/2

[Event "IMSA Basque 2016"]
[Site "Huai'an CHN"]
[Date "2016.03.03"]
[Round "5.6"]
[White "Tomashevsky, Evgeny"]
[Black "Harikrishna, Pentala"]
[Result "1/2-1/2"]
[WhiteTitle "GM"]
[BlackTitle "GM"]
[WhiteElo "2728"]
[BlackElo "2753"]
[WhiteFideId "4147235"]
[BlackFideId "5007003"]
[EventDate "2016.03.02"]

1. e4 e6 2. d4 d5 3. Nd2 c5 4. exd5 Qxd5 5. Ngf3 cxd4 6. Bc4 Qd6 7. O-O Nf6 8.
Nb3 Nc6 9. Nbxd4 Nxd4 10. Nxd4 a6 11. Re1 Qc7 12. Bf1 Be7 13. Qf3 O-O 14. Bf4
Bd6 15. Bxd6 Qxd6 16. Rad1 Qc7 17. c4 Bd7 18. h3 Rfd8 19. Qe3 h6 20. g3 b5 21.
Bg2 Rac8 22. cxb5 axb5 23. Rc1 Qd6 24. a3 b4 25. axb4 Qxb4 26. b3 Be8 27. Rxc8
Rxc8 28. Ra1 Rc3 29. Qf4 Qc5 30. Qd2 e5 31. Nf5 e4 32. Qd4 Qxd4 33. Nxd4 Rd3 34.
Nf5 Bd7 35. Ne3 Rxb3 36. Rd1 Bb5 37. Rd8+ Kh7 38. Rb8 Rb1+ 39. Bf1 Bd3 40. Rxb1
Bxb1 41. Bc4 Kg8 42. Kg2 Nd7 43. g4 Ne5 44. Bd5 g6 45. Kg3 Kg7 46. Nc4 Ba2 47.
Nxe5 Bxd5 48. Kf4 g5+ 49. Ke3 Kf6 50. Nd7+ Ke6 51. Nc5+ Kd6 52. Nxe4+ Ke5 53.
Ng3 Be6 54. Nh5 f5 55. f4+ gxf4+ 56. Nxf4 fxg4 57. Nxe6 Kxe6 1/2-1/2

[Event "IMSA Basque 2016"]
[Site "Huai'an CHN"]
[Date "2016.03.03"]
[Round "5.11"]
[White "Li, Chao b"]
[Black "Sargissian, Gabriel"]
[Result "1/2-1/2"]
[WhiteTitle "GM"]
[BlackTitle "GM"]
[WhiteElo "2751"]
[BlackElo "2702"]
[WhiteFideId "8604436"]
[BlackFideId "13300881"]
[EventDate "2016.03.02"]

1. d4 Nf6 2. c4 e6 3. g3 d5 4. Bg2 Bb4+ 5. Nd2 O-O 6. Nf3 b6 7. O-O Bb7 8. Ne5
Re8 9. a3 Bf8 10. b4 Nbd7 11. Ndf3 Ne4 12. Nxd7 Qxd7 13. Ne5 Qd8 14. c5 a5 15.
Bb2 Ba6 16. Qc2 Nf6 17. Rfc1 axb4 18. axb4 Bb5 19. e3 Qb8 20. Rxa8 Qxa8 21. cxb6
cxb6 22. Qc7 Re7 23. Qxb6 Rb7 24. Qa5 Qb8 25. Qa3 Be8 26. Bc3 Bxb4 27. Bxb4 Rxb4
28. Bf1 Rb1 29. Rxb1 Qxb1 30. Kg2 Qe4+ 31. Kg1 Qb1 32. Kg2 Qe4+ 33. Nf3 Qc2 34.
Bd3 Qc7 35. Ne5 g6 36. Qa8 Kg7 37. g4 h6 38. h4 Qe7 39. Qc8 Nd7 40. Nf3 e5 41.
dxe5 Nxe5 42. Be2 Nc6 43. Bb5 Bd7 44. Qc7 Qe6 45. Qf4 Qf6 46. Kg3 Qe7 47. Bxc6
Bxc6 48. Nd4 Ba4 49. h5 Bd7 50. hxg6 Kxg6 51. Qc7 f6 52. Ne2 Kf7 53. Nf4 d4 54.
Qc4+ Kg7 55. Qxd4 Be8 56. Ng2 Qc7+ 57. Qf4 Qc1 58. e4 Qa1 59. Kh2 Qe5 60. Kg3
Qa1 61. Qc7+ Bf7 62. Qf4 Bg6 63. f3 Bf7 64. Qd2 h5 65. Qd7 hxg4 66. Qxg4+ Kf8
67. Qf4 Kg7 68. Qd2 Qe5+ 69. Nf4 Qg5+ 70. Kf2 Qc5+ 71. Qe3 Qg5 72. Ng2 Qa5 73.
Nh4 Be6 74. Qf4 Qe5 75. Qg3+ Qxg3+ 76. Kxg3 Kf7 77. Kf4 Bb3 78. Ng2 Bd1 79. Ne3
Be2 80. Nf5 Bd1 81. Nd4 Kg6 82. Nf5 Kf7 83. Nh4 Ke6 84. Ke3 Kf7 85. Kd4 Ke6 86.
f4 Kd6 87. Nf5+ Ke6 88. Ne3 Ba4 89. Kc5 Kf7 90. Kd6 Bb3 91. Kc5 Ba2 92. Nd5 Bb1
93. Kd4 Bc2 94. Nc3 Bb3 95. Ke3 Bc2 96. Nb5 Bb3 97. Kf3 Bc2 98. Nd4 Bd3 99. Nf5
Bb1 100. Ke3 Ke6 101. Kd4 Bc2 102. Ne3 Bb1 103. Nd5 Bc2 104. Nb4 Bb1 105. Nd3
Ke7 106. Kc3 Ba2 107. Nb4 Bb1 108. Nc2 Ba2 109. Ne3 Bb1 110. Kd4 Ke6 111. Nf5
Bc2 112. Ng3 Bb1 113. Ne2 Bc2 114. Nc3 Ke7 115. Kc5 Ke6 116. Kd4 Ke7 117. Kd5
Bb3+ 118. Kc5 Bc2 119. f5 Bd3 120. Nd5+ Kf7 121. Kd4 Bb1 122. Nb4 Ke7 123. Ke3
Kf7 124. Kf4 Ke7 125. Kf3 Kf7 126. Ke3 Ke7 127. Kd4 Kf7 128. Nd5 Bc2 129. Nc3
Ke7 130. Na2 Bb1 131. Nb4 Kf7 132. Nc6 Bc2 133. Kd5 Bb1 134. Na7 Ke7 135. Nc8+
Kd7 136. Nd6 Ke7 137. Kc6 Bc2 138. Kc7 Bb1 139. Nc8+ Kf8 1/2-1/2

[Event "IMSA Basque 2016"]
[Site "Huai'an CHN"]
[Date "2016.03.03"]
[Round "5.12"]
[White "Sargissian, Gabriel"]
[Black "Li, Chao b"]
[Result "1/2-1/2"]
[WhiteTitle "GM"]
[BlackTitle "GM"]
[WhiteElo "2702"]
[BlackElo "2751"]
[WhiteFideId "13300881"]
[BlackFideId "8604436"]
[EventDate "2016.03.02"]

1. d4 Nf6 2. c4 g6 3. Nf3 Bg7 4. g3 d5 5. cxd5 Nxd5 6. Bg2 c5 7. dxc5 Qa5+ 8.
Nbd2 Qxc5 9. O-O O-O 10. Nb3 Qd6 11. e4 Nb6 12. Qe2 Be6 13. Rd1 Qb4 14. Nbd4 Bc4
15. Qe3 Nc6 16. b3 Nxd4 17. Nxd4 Ba6 18. Bb2 Nc4 19. Qc3 Qxc3 20. Bxc3 Na3 21.
Rac1 Rac8 22. e5 Bxe5 23. Nc6 Bxc3 24. Nxe7+ Kg7 25. Nxc8 Rxc8 26. Rd7 Re8 27.
Bd5 Bb2 28. Rxf7+ Kh6 29. Rcc7 Re1+ 30. Kg2 Bf1+ 31. Kf3 Be2+ 32. Kg2 Bf1+ 33.
Kf3 Be2+ 34. Ke4 1/2-1/2

[Event "IMSA Basque 2016"]
[Site "Huai'an CHN"]
[Date "2016.03.03"]
[Round "5.13"]
[White "Movsesian, Sergei"]
[Black "Wang, Hao"]
[Result "0-1"]
[WhiteTitle "GM"]
[BlackTitle "GM"]
[WhiteElo "2653"]
[BlackElo "2717"]
[WhiteFideId "310204"]
[BlackFideId "8602883"]
[EventDate "2016.03.02"]

1. Nf3 d5 2. g3 Bg4 3. Bg2 e6 4. c4 c6 5. O-O Nf6 6. Qb3 Qb6 7. Qc2 dxc4 8. Qxc4
Nbd7 9. Qc2 Be7 10. d3 O-O 11. Nbd2 Rfd8 12. Nc4 Qa6 13. a3 Rac8 14. Bd2 c5 15.
Rfe1 Bh5 16. Rac1 b5 17. Nce5 Nxe5 18. Nxe5 Nd7 19. Nf3 Bg6 20. Qb3 Nb6 21. Bg5
c4 22. dxc4 bxc4 23. Qa2 Bxg5 24. Nxg5 Qb5 25. Ne4 Na4 26. Rc2 Qb3 27. Qb1 Rd4
28. Rd1 Bxe4 29. Bxe4 Rxe4 30. Rcd2 f5 31. Qc1 h6 32. h4 c3 33. Rc2 Nxb2 34. Rd7
Qxa3 35. f3 Qc5+ 36. Kg2 Qb5 37. Rxg7+ Kxg7 38. fxe4 Qc6 39. Kh3 Qxe4 40. Rxc3
Qg4+ 41. Kh2 Qxe2+ 42. Kh3 Nd3 43. Rc7+ Kg6 0-1